Flood damage (Record no. 107516)
[ view plain ]
| 000 -LEADER | |
|---|---|
| fixed length control field | 01428cad a22002415a 4500 |
| 001 - CONTROL NUMBER | |
| control field | L140597 |
| 008 - FIXED-LENGTH DATA ELEMENTS--GENERAL INFORMATION | |
| fixed length control field | 071001e20070927xxk f 000 0 eng d |
| 035 ## - SYSTEM CONTROL NUMBER | |
| System control number | (Sirsi) u140597 |
| 041 0# - LANGUAGE CODE | |
| Language code of text/sound track or separate title | eng |
| 050 04 - LIBRARY OF CONGRESS CALL NUMBER | |
| Classification number | 346.410432 $2 18 |
| 110 2# - MAIN ENTRY--CORPORATE NAME | |
| Corporate name or jurisdiction name as entry element | Royal Institution of Chartered Surveyors |
| 9 (RLIN) | 4900 |
| 245 00 - TITLE STATEMENT | |
| Title | Flood damage |
| Remainder of title | reinstating your boundary |
| Statement of responsibility, etc. | [old edition] |
| 260 ## - PUBLICATION, DISTRIBUTION, ETC. | |
| Place of publication, distribution, etc. | London, |
| Name of publisher, distributor, etc. | RICS, |
| Date of publication, distribution, etc. | 2007 |
| 490 ## - SERIES STATEMENT | |
| Series statement | RICS Consumer Guide |
| 520 ## - SUMMARY, ETC. | |
| Summary, etc. | Provides a list of simple instructions for homeowners to follow in the aftermath of flooding. Floods typically destroy boundary features such as fences, and residents need to return such markers to their original locations. Defining a sense of belonging is also key to returning a sense of home. Encourages communication with other boundary parties where possible and the recording of actions taken. Specifies which sources should be used and action that may be taken in the event of a dispute. |
| 520 ## - SUMMARY, ETC. | |
| Summary, etc. | Replaced by publication of broader guide on Reinstating your boundary after extreme weather damage published 14 December 2022 |
| 650 ## - SUBJECT ADDED ENTRY--TOPICAL TERM | |
| Topical term or geographic name entry element | Flooding |
| 651 #4 - SUBJECT ADDED ENTRY--GEOGRAPHIC NAME | |
| Geographic name | England and Wales |
| 690 ## - LOCAL SUBJECT ADDED ENTRY--TOPICAL TERM (OCLC, RLIN) | |
| Topical term or geographic name as entry element | Boundary disputes |
| 9 (RLIN) | 6221 |
| 690 ## - LOCAL SUBJECT ADDED ENTRY--TOPICAL TERM (OCLC, RLIN) | |
| Topical term or geographic name as entry element | Environment |
| 9 (RLIN) | 6238 |
| 942 ## - ADDED ENTRY ELEMENTS (KOHA) | |
| Suppress in OPAC | 0 |
| Source of classification or shelving scheme | Dewey Decimal Classification |
| Withdrawn status | Lost status | Source of classification or shelving scheme | Damaged status | Not for loan | Home library | Current library | Shelving location | Date acquired | Total Checkouts | Full call number | Barcode | Date last seen | Copy number | Price effective from | Koha item type |
|---|---|---|---|---|---|---|---|---|---|---|---|---|---|---|---|
| Dewey Decimal Classification | London | London | RICS Boxes | 15/10/2007 | RICS 2007/50 | 30072740 | 06/08/2019 | 1 | 06/08/2019 | Archive | |||||
| Missing | London | London | Missing | 15/10/2007 | RICS 2007/50 | 30072741 | 06/08/2019 | 2 | 06/08/2019 | Reference material | |||||
| Missing | London | London | Missing | 15/10/2007 | RICS 2007/50 | 30072742 | 06/08/2019 | 3 | 06/08/2019 | Book | |||||
| Dewey Decimal Classification | London | London | RICS Boxes | 15/10/2007 | RICS 2007/50 | 30072743 | 06/08/2019 | 4 | 06/08/2019 | Book |